000 00581nam a2200181Ia 4500
005 20250423100307.0
008 250422s9999 xx 000 0 und d
020 _a9789785183889
050 _aPS 3545 .R815 N25/
100 _aWright, Richard
245 0 _aNative son
260 _aIbadan
260 _bMacmillanSeagroove pub.
260 _c2013
300 _a460 p
650 _aThomas, Bigger (Fictitious character)--Fiction. African American men--Fiction. Death row inmates--Fiction. Trials (Murder)--Fiction. Murderers--Fiction. Chicago (Ill.)--Fiction.
942 _cBK
999 _c32864
_d32864